Advanced calculus : an introduction to modern analysis

Αποθηκεύτηκε σε:
Λεπτομέρειες βιβλιογραφικής εγγραφής
Κύριος συγγραφέας: Voxman, William L. 1939-
Άλλοι συγγραφείς: Goetschel, Roy 1930-
Μορφή: Βιβλίο
Γλώσσα:English
Δημοσίευση: New York : M. Dekker, c1981
Σειρά:Monographs and textbooks in pure and applied mathematics ; ; 63
Θέματα:
Ετικέτες: Προσθήκη ετικέτας
Δεν υπάρχουν, Καταχωρήστε ετικέτα πρώτοι!

MARC

LEADER 00000cam a2200000 i 4500
001 1/52261
008 941103s1981 eng d
020 |a 082476949X 
035 |l 10044376 
035 |a 1993  |c ΚΑΝΔΥΛΑΚΗΣ 
040 |a GR-MY-UA  |b gre  |e aacr 
041 0 |a eng 
082 0 |a 515  |2 (19) 
100 1 |a Voxman, William L.  |d 1939- 
245 1 0 |a Advanced calculus :  |b an introduction to modern analysis /  |c William L. Voxman, Roy Goetschel 
260 |a New York :   |b M. Dekker,   |c c1981 
300 |a xii, 678 p.;  |b ill.;  |c 24 cm 
490 1 |a Monographs and textbooks in pure and applied mathematics  |v ; 63 
504 |a Includes bibliographical references and index 
650 0 0 |a Calculus. 
700 1 |a Goetschel, Roy  |d 1930- 
830 0 |a Monographs and textbooks in pure and applied mathematics ;  |v ; 63 
852 |a INST  |b SAMOS  |e 19941103  |h 515 VOX  |p 005300003153  |q 005300003153  |t BK  |y 0 
852 |a INST  |b SAMOS  |e 19941103  |h 515 VOX  |p 005300007875  |q 005300007875  |t BK  |y 0 
909 |a Σ  |b 028575 
909 |a Σ  |b 030288